| 000 | 34528nas1a22030371 4500 | ||
|---|---|---|---|
| 001 | RU\NLR\INFOCOMM6\5000402288 | ||
| 005 | 20250807185206.0 | ||
| 011 | _a1816-210X | ||
| 035 | _a(NLR Aleph) 003154535 | ||
| 090 |
_a1057 _c1057 |
||
| 100 | _a20250807 rusy50 | ||
| 101 | 0 | _arus | |
| 102 | _aRU | ||
| 110 | _aahuzz 0|y| | ||
| 200 | 1 |
_aТруды НГТУ _fНижегор. гос. техн. ун-т |
|
| 210 |
_aН. Новгород _cНГТУ _d1935 - |
||
| 300 | _aВ надзаг. также: М-во образования Рос. Федерации | ||
| 430 | 0 |
_12001#$aТруды Горьковского индустриального института _171002$3RU\NLR\AUTH\88$aГорьковский индустриальный институт |
|
| 430 | 0 |
_12001#$aТруды Горьковского политехнического института _171002$3RU\NLR\AUTH\8813524$aГорьковский политехнический институт |
|
| 510 | 1 |
_aTransactions of Nizhni Novgorod state technical university n.a. R. Y. Alexeev _zeng |
|
| 510 | 1 |
_aTransactions of Nizhni Novgorod state technical university n.a. R.E. Alexeev _zeng |
|
| 510 | 1 |
_aTransactions of NNSTU n.a. R.E. Alexeyev _zeng |
|
| 510 | 1 |
_aTransactions of NNSTU n.a. R.E. Alekseev _zeng |
|
| 512 | 1 | _aТруды Нижегородского государственного технического университета | |
| 517 | 1 | _aТруды НГТУ им. Р.Е. Алексеева | |
| 517 | 1 | _aТруды ГПИ | |
| 517 | 1 | _aТруды Нижегородского государственного технического университета им. Р. Е. Алексеева | |
| 517 | 1 | _aТруды НГТУ | |
| 710 | 0 | 2 |
_aНижегородский государственный технический университет _3RU\NLR\AUTH\880617308 |
| 801 | 2 |
_aRU _bNLR _c20070215 _2rusmarc |
|
| 801 | 1 |
_aRU _bInfoComm _c20050819 |
|
| 801 | 0 |
_aRU _bNLR _gPSBO |
|
| 852 |
_aNLR _jП10/680 |
||
| 942 | _cJOURNAL | ||
| 945 | _aРоссийская национальная библиотека | ||
| 980 | _aNB | ||
| 980 | _aBV | ||
| 980 | _aRUSPER | ||